• 首页
  • 本馆介绍
  • 公告通知
  • 最新文献
  • 馆藏检索
  • 电子资源
  • 读者导购
  • 参考咨询
  • 我的图书馆
  • 登录
  • 详细信息显示
  • 放入我的书架
  • 预约/预借图书
  • 作者相关作品
  • 分类相关作品
  • 丛书相关作品
  • 出版社相关作品

书目信息

  • 表格格式
  • 工作单格式
  • 卡片格式
题名:
果品贮藏加工实验实习指导
    
 
作者: ;陕西省仪祉农业学校 编
分册:  
出版信息: 北京   农业出版社  1983
页数: 101页
开本: 19cm
丛书名:
单 册:
中图分类: S660.9
科图分类:
主题词: 水果-食品贮藏--实验 , 食品贮藏-水果--实验 , 水果-食品加工--实验 , 食品加工-水果--实验
电子资源:
ISBN: 16144.2781
000 00806nam0 2200265 450
001 0183001403
005 20100712220425.0
010    @a16144.2781@dCNY0.39
091    @a16144.2781
100    @a19950622d1983 em y0chiy0110 ea
101 0  @achi
102    @aCN@b110000
105    @ay z 000yy
106    @ar
200 1  @a果品贮藏加工实验实习指导@9Guo Pin Zhu Cang;Zang Jia Gong Shi Yan Shi Xi Zhi Dao @f陕西省仪祉农业学校编
210    @a北京@c农业出版社@d1983
215    @a101页@d19cm
606 0  @a水果-食品贮藏@x实验
606 0  @a食品贮藏-水果@x实验
606 0  @a水果-食品加工@x实验
606 0  @a食品加工-水果@x实验
690    @aS660.9@v3
711 02 @a陕西省仪祉农业学校@9shan xi sheng yi zhi nong ye xue xiao@4编
801  0 @aCN@bAzMarc@c20130904
905    @aBZT@dS660.9@e17@f3@sS660.9/17
    
    果品贮藏加工实验实习指导/陕西省仪祉农业学校编.-北京:农业出版社,1983
    101页;19cm
    
    
    ISBN 16144.2781:CNY0.39
    
●
相关链接 在五车中查询图书 在当当中查询图书 在豆瓣中查询图书


正题名:果品贮藏加工实验实习指导     索取号:S660.9/17         预约/预借

序号 登录号 条形码 馆藏地/架位号 状态 备注
1 2000041075   2000041075   旧书回溯/ [索取号:S660.9/17] 在馆    
2 2000041076   2000041076   旧书回溯/ [索取号:S660.9/17] 在馆    
3 2000078048   2000078048   旧书回溯/ [索取号:S660.9/17] 在馆    
山东省滨州职业学院图书馆 欢迎您!
大连网信软件有限公司© 版权所有